| 000 | 00697nam a2200217 a 4500 | ||
|---|---|---|---|
| 003 | 0 | ||
| 005 | 20250320110239.0 | ||
| 008 | 130829s19uu xx 00 eng d | ||
| 050 |
_aPGS TP 156.I5 _b.L477 2013 |
||
| 100 | _aLee, Je Yun. | ||
| 245 |
_aCoffee extract as ink / _cJe Yun Lee. |
||
| 260 |
_aLas PiƱas City, Philippines : _bSouthville International School and Colleges, _c2013. |
||
| 300 |
_a17 pages : _billustrations ; _c28 cm. |
||
| 504 | _aIncludes bibliographical references. | ||
| 650 |
_aInk _vProduction. |
||
| 650 |
_aInk _vNatural pigments. |
||
| 650 |
_aInk _vTechnology. |
||
| 650 |
_aCoffee _vUses. |
||
| 650 |
_aColoring materials _vNatural sources. |
||
| 942 |
_2lcc _cPASS |
||
| 999 |
_c99013 _d99013 |
||